Statistics for Famous Buddhists

Click here to take the quiz!

General Stats

  • This quiz has been taken 159 times
  • The average score is 7 of 15

Answer Stats

HintBuddhist% Correct
Star Wars creatorGeorge Lucas
88%
Ziggy Stardust, the Thin White DukeDavid Bowie
82%
Rock singer married to Kurt CobainCourtney Love
79%
Wrote On the RoadJack Kerouac
65%
Basic Instinct actressSharon Stone
62%
Director of Wall Street and PlatoonOliver Stone
60%
The Big Lebowski actorJeff Bridges
49%
Sulu from Star TrekGeorge Takei
47%
The Go-Go's, "Heaven is a Place on Earth"Belinda Carlisle
41%
Beat poet who wrote "Howl"Allen Ginsberg
32%
The Ring and Mulholland Drive actressNaomi Watts
23%
The Way of Zen authorAlan Watts
21%
Crouching Tiger action starChow Yun-fat
17%
Minimalist composer (Koyaanisqatsi)Philip Glass
11%
Beastie BoyAdam Yauch
10%

Score Distribution

Percentile by Number Answered

Percent of People with Each Score

Your Score History

You have not taken this quiz